| 000 | 00697nam a2200229 i 4500 | ||
|---|---|---|---|
| 001 | bgj | ||
| 100 | 1 | _aSCOVEL, Thomas. | |
| 245 | 1 | 0 |
_aPsycholinguistics / _cThomas Scovel. |
| 260 |
_aOxford : _bOxford University Press ; _c1998. |
||
| 300 |
_aXIII, 134, [1] pp ; _c19 cm. |
||
| 490 | 1 | _aOxford Introductions to Language Study | |
| 504 | _aBibliographical references p. 115-121. | ||
| 650 | 9 | _aPsycholinguistics | |
| 650 | 9 |
_aEnglish language _xStudy and teaching _xForeign Speakers |
|
| 830 | _aOxford Introductions to Language Study | ||
| 020 | _a0194372138 | ||
| 040 | _cBPK | ||
| 041 | 0 | _aeng | |
| 920 | _a0-19-437213-8 | ||
| 942 | _cKS | ||
| 008 | s uk f |000 0 eng | ||
| 999 |
_c48636 _d48636 |
||
| 856 |
_uhttp://koha.tu.koszalin.pl/cgi-bin/koha/opac-detail.pl?biblionumber=48636 _yKatalog online BPK |
||